Представление документа в формате MARC21

ПолеНазваниеЗначение
  Тип записи a
  Библиографический уровень m
001 Контрольный номер BIBLIOCLUB\0000714492
005 Дата корректировки 20240827131559.5
006 m o d
007 Элементы данных для физической характеристики c|||||||||||||
008 Кодируемые данные s2023 rus o rus d
020 Индекс ISBN __
a ISBN 978-5-907-655-98-0
041 Код языка издания 0_
a Код языка текста rus
084 Индекс другой классификации/Индекс ББК __
a Индекс другой классификации/Индекс ББК 75.110я73
b Номер единицы LBC/PL
2 Источник индекса rubbk
100 Автор 1_
a Автор Гуляева О. А.
245 Заглавие 10
a Заглавие Благорождение и грудничковое плавание
b Продолж. заглавия учебно-методическое пособие
c Ответственность О. А. Гуляева, И. А. Мищенко
260 Выходные данные __
a Место издания Липецк
b Издательство Липецкий государственный педагогический университет им. П.П. Семенова-Тян-Шанского
c Дата издания 2023
300 Физическое описание __
a Объем 52 с.
b Иллюстрации/ тип воспроизводства ил., табл.
504 Библиография __
a Библиография Библиогр. в кн
653 Ключевые слова 1_
a Ключевые слова Учебник для высшей школы
700 Другие авторы _1
a Другие авторы Мищенко И. А.
856 Электронный адрес документа 40
3 Область применения данных поля Университетская библиотека ONLINE
u URL https://biblioclub.ru/index.php?page=book&id=714492
900 Электронные ресурсы __
a Имя электронного ресурса https://img.biblioclub.ru/sm_cover/0d8c7625ff137ae4bc30d65d43562010592sf8xnd7/cover.jpg